00385nam a2200157Ia 4500008004100000020001500041082001700056100001800073245003300091250000800124260002800132300001000160500002500170650001500195700001700210230524s9999 xx 000 0 und d a0195673921 a621.382bNAG aT.K.Nagsarkar 0aBasic Electrical Engineering a1ST aNEW DELHIbOxfordc2008 aX;627 aQuantity Number: 15 aElectrical a M.S.Sukhija